An historical and historiographical commentary on Suetonius' Life of C. Caligula /

Bibliographic Details
Main Author: Hurley, Donna W.
Format: Book
Language:English
Published: Atlanta, Ga. : Scholars Press, [1993]
Series:American classical studies ; no. 32.
Subjects:

MARC

Tag First Indicator Second Indicator Subfields
LEADER 00000cam a2200000 a 4500
001 in00001140310
005 20151001050847.0
008 930423s1993 gau b 000 0deng
010 |a  93013723  
020 |a 155540880X (cloth) 
020 |a 1555408818 (pbk.) 
035 |a (OCoLC)28111317 
035 |9 AGB8608AM 
040 |a DLC  |c DLC  |d IXT  |d TXA  |d UtOrBLW 
043 |a ff-----  |a e------  |a aw----- 
049 |a TXAM 
050 0 0 |a DG283.S83  |b H87 1993 
082 0 0 |a 937/.07/092  |2 20 
100 1 |a Hurley, Donna W. 
245 1 3 |a An historical and historiographical commentary on Suetonius' Life of C. Caligula /  |c Donna W. Hurley. 
264 1 |a Atlanta, Ga. :  |b Scholars Press,  |c [1993] 
264 4 |c ©1993 
300 |a xviii, 230 pages :  |b 24 cm. 
336 |a text  |b txt  |2 rdacontent 
337 |a unmediated  |b n  |2 rdamedia 
338 |a volume  |b nc  |2 rdacarrier 
490 1 |a American classical studies ;  |v no. 32 
504 |a Includes bibliographical references. 
600 0 0 |a Suetonius,  |d ca. 69-approximately 122.  |t Caligula. 
600 0 0 |a Caligula,  |c Emperor of Rome,  |d 12-41. 
651 0 |a Rome  |x History  |y Caligula, 37-41. 
650 0 |a Emperors  |z Rome  |v Biography. 
830 0 |a American classical studies ;  |v no. 32. 
999 |a MARS 
999 f f |s cfbbd4be-3e4b-3f67-b69f-8e00d2ac7c8a  |i 6c970d83-0dfa-317c-8155-f3d77c33af8b  |t 0 
952 f f |p ric  |a Texas A&M University  |b Rellis Campus  |c Joint Library Facility  |d Remote Storage  |t 0  |e DG283.S83 H87 1993  |h Library of Congress classification  |i unmediated -- volume  |m A14817604723 
998 f f |a DG283.S83 H87 1993  |t 0  |l Remote Storage